000 00993nam a2200313 i 4500
001 000013992
003 DO-SdBNP
005 20250929115205.0
007 ta
008 091202s2006 dr r 000 f spa d
020 _a9993456055
040 _aDO-SdBNP
_bspa
_cBNPHU
_erda
041 _aspa
082 4 _aRD863.44
_bS489m
_222
100 1 _aSerulle, Haffe,
_d1947-
_eautor
_4aut.
_922959
245 1 4 _aLos manuscritos de Alginatho /
_cHaffe Serulle.
264 4 _aSanto Domingo :
_bGrupo Editorial Norma,
_c©2006..
300 _a726 páginas ;
_c22 cm.
336 _atexto
_btxt
_2rdacontent
337 _asin mediación
_bn
_2rdamedia
338 _avolumen
_bnc
_2rdacarrier
490 1 _aColección La otra orilla
500 _aIncluye datos biográficos del autor en la solapa de la cubierta
590 _aInventariado, 2018/BT
650 4 _aNovela dominicana
_9223
650 4 _aLiteratura dominicana.
_967
910 _aValidado. Control de calidad. MMOLINA
942 _2ddc
_cLBS1
999 _c13596
_d13596